000
00260nam a2200109Ia 4500
008
221030s9999 xx 000 0 und d
245
0
_a
Customer Relatioship Management
260
_b
HDFC Bank
_a
Jammu
_c
2018
300
_a
50
650
_a
Management
942
_c
TH
999
_c
18438
_d
18438